Poesía popular, participación de las provincias: 1879
Furkejuvvon:
| Váldodahkki: | |
|---|---|
| Materiálatiipa: | Girji |
| Giella: | espánnjágiella |
| Almmustuhtton: |
Valparaíso
Universitarias de Valparaíso
1979
|
| Fáttát: | |
| Fáddágilkorat: |
Lasit fáddágilkoriid
Eai fáddágilkorat, Lasit vuosttaš fáddágilkora!
|
MARC
| LEADER | 00000cam a2200000 a 4500 | ||
|---|---|---|---|
| 001 | UCQ6517 | ||
| 003 | CL-VaPUC | ||
| 008 | 981016e19790000CL |||||||||||||||||spa|d | ||
| 082 | 0 | 4 | |a Ch861.09 |b URI |2 21 |
| 100 | 0 | |a Uribe Echevarría, Juan |e author |9 420419 | |
| 245 | 1 | 0 | |a Poesía popular, participación de las provincias: 1879 |
| 300 | |a 321 p | ||
| 942 | |c BK | ||
| 945 | |d 19981016 00:00:00 |a crobeson | ||
| 260 | |a Valparaíso |b Universitarias de Valparaíso |c 1979 | ||
| 650 | 0 | |a Poesía chilena |9 268403 | |
| 650 | 0 | |a Literatura chilena |9 308278 | |
| 650 | 0 | |a Historia y crítica |9 257407 | |
| 583 | |a last modification |c 20131203 09:45:39 |k Rodrigo Vera | ||
| 999 | |c 276469 |d 276467 | ||
| 952 | |0 0 |1 0 |4 0 |6 CH_861_090000000000000_URI_1979 |7 0 |8 A |9 313713 |a BIBEDU |b BIBEDU |d 2019-11-20 |i 1482610 |o Ch861.09 URI 1979 |p 1482610 |r 2019-11-20 |w 2019-11-20 |y BK |k LIT | ||
| 952 | |0 0 |1 0 |4 0 |6 CH_861_090000000000000_URI_1979 |7 0 |8 A |9 313714 |a BIBEDU |b BIBEDU |d 2019-11-20 |i 1482629 |o Ch861.09 URI 1979 |p 1482629 |r 2019-11-20 |w 2019-11-20 |y BK |k LIT | ||
| 952 | |0 0 |1 0 |4 0 |6 CH_861_090000000000000_URI_1979 |7 0 |8 A |9 313715 |a BIBEDU |b BIBEDU |d 2019-11-20 |i 1482637 |o Ch861.09 URI 1979 |p 1482637 |r 2019-11-20 |w 2019-11-20 |y BK |k LIT | ||
| 952 | |0 0 |1 0 |4 0 |6 CH_861_090000000000000_URI_1979 |7 0 |8 X |9 313716 |a FDOMLP |b FDOMLP |d 2019-11-20 |i 4149718 |o Ch861.09 URI 1979 |p 4149718 |r 2019-11-20 |w 2019-11-20 |y BK_X |k BU2 | ||
| 952 | |0 0 |1 0 |4 0 |6 CH_861_090000000000000_URI_1979 |7 0 |8 X |9 313717 |a FDOBUD |b FDOBUD |d 2019-11-20 |i 4566815 |o Ch861.09 URI 1979 |p 4566815 |r 2019-11-20 |w 2019-11-20 |y BK_X |k BUD | ||
| 952 | |0 0 |1 0 |2 ddc |3 erb |4 0 |6 CH_861_090000000000000_URI_1979 |7 0 |8 A |9 313718 |a BIBART |b BIBART |i 5022754 |o Ch861.09 URI 1979 |p 5022754 |r 2025-03-13 |w 2019-11-20 |y BK |z Catalogado en:20131206 |k SRS | ||